[Event "5. Abierto Ciudad de Dos Hermanas"]
[Site "Dos Hermanas ESP"]
[Date "2006.04.02"]
[Round "4.12"]
[White "Carretero Ortiz, Francisco"]
[Black "Handke, Florian"]
[Result "0-1"]
[WhiteElo "2183"]
[BlackElo "2474"]
[PlyCount "50"]
[EventDate "2006.03.30"]
[EventType "swiss"]
[EventRounds "9"]
[EventCountry "ESP"]
[Source "lmi"]
[SourceDate "2006.04.07"]

1. Nc3 c5 2. Nf3 Nc6 3. d4 cxd4 4. Nxd4 a6 5. Bg5 Qa5 6. Nxc6 bxc6 7. Qd2 Rb8
8. e4 Rxb2 9. Nd1 Rb4 10. Bd3 e6 11. O-O Nf6 12. Nb2 Qc7 13. Nc4 Nxe4 14. Bxe4
Rxc4 15. Bd3 Rb4 16. Qc3 f6 17. Bxf6 gxf6 18. Qxf6 Rg8 19. Bxh7 Be7 20. Bg6+
Kd8 21. Qf7 Rf8 22. Qg7 Rf5 23. g3 Rf3 24. Bh5 Rf5 25. Be2 Qa7 0-1

[Event "5. Abierto Ciudad de Dos Hermanas"]
[Site "Dos Hermanas ESP"]
[Date "2006.04.02"]
[Round "4.13"]
[White "Castellanos, Renier"]
[Black "Biedma Martin, Enrique"]
[Result "0-1"]
[WhiteElo "2467"]
[BlackElo "2287"]
[PlyCount "138"]
[EventDate "2006.03.30"]
[EventType "swiss"]
[EventRounds "9"]
[EventCountry "ESP"]
[Source "lmi"]
[SourceDate "2006.04.07"]

1. e4 e5 2. Nf3 Nc6 3. Bb5 a6 4. Ba4 Nf6 5. O-O Be7 6. Re1 b5 7. Bb3 d6 8. c3
O-O 9. h3 Na5 10. Bc2 c5 11. d4 Qc7 12. d5 Bd7 13. Nbd2 c4 14. Nf1 Nb7 15. Ng3
g6 16. Nh2 Ne8 17. Be3 Ng7 18. Qd2 f6 19. f4 exf4 20. Bxf4 Nd8 21. Nf3 Nf7 22.
Rf1 Ne5 23. Nd4 Rfb8 24. Rf2 a5 25. a3 Qb7 26. Nge2 b4 27. Bh6 b3 28. Bd1 Nd3
29. Rf1 Ne8 30. Nf4 Ne5 31. h4 Nc7 32. Qe3 Bf8 33. Bxf8 Rxf8 34. Be2 Rae8 35.
Rf2 Qc8 36. Raf1 Qd8 37. Qg3 Kh8 38. h5 g5 39. h6 Bg4 40. Bxg4 gxf4 41. Rxf4
Rg8 42. Nc6 Nxc6 43. dxc6 Rg6 44. Qh4 Rf8 45. Bf5 Rg5 46. Bd7 Rg6 47. Rf5 Na6
48. Qf4 Qb6+ 49. Kh1 Nc5 50. Rh5 Nd3 51. Qxd6 Rfg8 52. g4 Qe3 53. Qd4 Qxd4 54.
cxd4 Nxb2 55. Bf5 c3 56. Bxg6 Nd1 57. Rc5 c2 58. e5 hxg6 59. c7 b2 60. c8=Q
Rxc8 61. Rxc8+ Kh7 62. exf6 c1=Q 63. Rxc1 bxc1=Q 64. f7 Qxh6+ 65. Kg1 Qf8 66.
Rxd1 Qxf7 67. d5 Qf3 68. Rd2 Qxa3 69. d6 Qc1+ 0-1

[Event "5. Abierto Ciudad de Dos Hermanas"]
[Site "Dos Hermanas ESP"]
[Date "2006.04.02"]
[Round "4.14"]
[White "Arroyo Benito, Alvaro"]
[Black "Teran Alvarez, Ismael"]
[Result "0-1"]
[WhiteElo "1939"]
[BlackElo "2446"]
[PlyCount "88"]
[EventDate "2006.03.30"]
[EventType "swiss"]
[EventRounds "9"]
[EventCountry "ESP"]
[Source "lmi"]
[SourceDate "2006.04.07"]

1. Nf3 c5 2. c4 Nf6 3. d3 e6 4. g3 Nc6 5. Bg2 d5 6. O-O Be7 7. b3 O-O 8. Bb2 d4
9. Re1 e5 10. Nbd2 h6 11. Nf1 Bf5 12. Nh4 Bh7 13. Bxc6 bxc6 14. Nf3 Bd6 15. e4
Nd7 16. Nh4 Re8 17. Bc1 Bf8 18. f4 exf4 19. Ng2 fxg3 20. Nxg3 Bd6 21. Qf3 Ne5
22. Qf1 Qd7 23. Bf4 Qg4 24. Bxe5 Bxe5 25. Qf2 h5 26. Nf1 Re6 27. Qe2 Qxe2 28.
Rxe2 f5 29. Nd2 Bc7 30. Rae1 Rae8 31. e5 g5 32. Nf3 g4 33. Ng5 Rxe5 34. Rxe5
Rxe5 35. Rxe5 Bxe5 36. Nxh7 Kxh7 37. Nh4 f4 38. Nf5 f3 39. Kh1 Bf6 40. a4 Kg6
41. Nd6 h4 42. Kg1 Bg5 43. Nb7 g3 44. Nxc5 Be3+ 0-1

[Event "5. Abierto Ciudad de Dos Hermanas"]
[Site "Dos Hermanas ESP"]
[Date "2006.04.02"]
[Round "4.15"]
[White "Zambrana, Oswaldo"]
[Black "Justiniano Marquez, Marco Antonio"]
[Result "1-0"]
[WhiteElo "2405"]
[BlackElo "2171"]
[PlyCount "45"]
[EventDate "2006.03.30"]
[EventType "swiss"]
[EventRounds "9"]
[EventCountry "ESP"]
[Source "lmi"]
[SourceDate "2006.04.07"]

1. e4 d6 2. d4 Nf6 3. Nc3 c6 4. f4 Qa5 5. Bd2 Qb6 6. Nf3 Bg4 7. Na4 Qc7 8. h3
Bxf3 9. Qxf3 d5 10. Nc3 e6 11. Bd3 Bb4 12. e5 Nfd7 13. f5 Nf8 14. O-O Bxc3 15.
bxc3 exf5 16. Bxf5 Ne6 17. Bxe6 fxe6 18. Qh5+ g6 19. Qg4 Na6 20. Qxe6+ Qe7 21.
Qg4 Nc7 22. Rf6 Rg8 23. Bh6 1-0

[Event "5. Abierto Ciudad de Dos Hermanas"]
[Site "Dos Hermanas ESP"]
[Date "2006.04.02"]
[Round "4.16"]
[White "Milov, Vadim"]
[Black "Reina Aguilar, Marcelo"]
[Result "1-0"]
[WhiteElo "2638"]
[BlackElo "2052"]
[PlyCount "33"]
[EventDate "2006.03.30"]
[EventType "swiss"]
[EventRounds "9"]
[EventCountry "ESP"]
[Source "lmi"]
[SourceDate "2006.04.07"]

1. d4 d5 2. c4 e6 3. Nc3 c6 4. e3 Nf6 5. Nf3 Bd6 6. g4 Nxg4 7. Rg1 Nf6 8. Rxg7
Rg8 9. Rxg8+ Nxg8 10. e4 dxe4 11. Nxe4 Be7 12. Qc2 Qa5+ 13. Bd2 Qf5 14. Be2 Nd7
15. O-O-O Nb6 16. Rg1 Kf8 17. Ne5 1-0

[Event "5. Abierto Ciudad de Dos Hermanas"]
[Site "Dos Hermanas ESP"]
[Date "2006.04.02"]
[Round "4.18"]
[White "Neelotpal, Das"]
[Black "Vela Ignacio, Jose Manuel"]
[Result "1-0"]
[WhiteElo "2512"]
[BlackElo "2034"]
[PlyCount "49"]
[EventDate "2006.03.30"]
[EventType "swiss"]
[EventRounds "9"]
[EventCountry "ESP"]
[Source "lmi"]
[SourceDate "2006.04.07"]

1. e4 c5 2. Nf3 Nc6 3. Bb5 g6 4. c3 Nf6 5. e5 Nd5 6. O-O Bg7 7. Re1 O-O 8. d4
Qb6 9. Bc4 e6 10. Bxd5 exd5 11. dxc5 Qxc5 12. Na3 Re8 13. Be3 Qa5 14. Bf4 d6
15. exd6 Bg4 16. Qb3 Bxf3 17. gxf3 Ne5 18. Re3 Qc5 19. Rd1 Qxd6 20. Rxd5 Nxf3+
21. Rxf3 Qe6 22. Bg3 Qh3 23. Re5 Rxe5 24. Qxf7+ Kh8 25. Qxg7+ 1-0

[Event "5. Abierto Ciudad de Dos Hermanas"]
[Site "Dos Hermanas ESP"]
[Date "2006.04.02"]
[Round "4.19"]
[White "Carlsson, Pontus"]
[Black "Valencia Gomez, Jairo Fdo"]
[Result "1-0"]
[WhiteElo "2430"]
[BlackElo "2030"]
[PlyCount "59"]
[EventDate "2006.03.30"]
[EventType "swiss"]
[EventRounds "9"]
[EventCountry "ESP"]
[Source "lmi"]
[SourceDate "2006.04.07"]

1. e4 d6 2. d4 Nf6 3. Nc3 g6 4. f4 Bg7 5. Nf3 O-O 6. Bd3 Nbd7 7. e5 dxe5 8.
dxe5 Ne8 9. Bc4 e6 10. h4 Qe7 11. h5 Nb6 12. Bd3 f5 13. hxg6 h6 14. Qe2 c6 15.
Qf2 Nd5 16. Nxd5 cxd5 17. Be3 b6 18. O-O-O Nc7 19. Rh5 Bd7 20. g4 d4 21. Bd2
fxg4 22. Nh2 Bb5 23. Bxb5 Nxb5 24. Nxg4 Rfc8 25. Nf6+ Kf8 26. f5 Na3 27. c3
dxc3 28. Bxc3 Qb4 29. Rd3 Bxf6 30. fxe6 1-0

[Event "5. Abierto Ciudad de Dos Hermanas"]
[Site "Dos Hermanas ESP"]
[Date "2006.04.02"]
[Round "4.20"]
[White "Gaitan Ramirez, Alfonso"]
[Black "Perez, Rodney"]
[Result "0-1"]
[WhiteElo "1997"]
[BlackElo "2425"]
[PlyCount "54"]
[EventDate "2006.03.30"]
[EventType "swiss"]
[EventRounds "9"]
[EventCountry "ESP"]
[Source "lmi"]
[SourceDate "2006.04.07"]

1. e4 c5 2. Nf3 Nc6 3. d3 e6 4. g3 Nf6 5. Bg2 d5 6. Nbd2 Be7 7. O-O O-O 8. e5
Nd7 9. Re1 b5 10. a4 bxa4 11. Rxa4 Qc7 12. c4 Ncxe5 13. Nxe5 Nxe5 14. cxd5 Bd7
15. dxe6 Bxa4 16. exf7+ Rxf7 17. Qxa4 Rd8 18. Re3 Nxd3 19. Qc4 Nxc1 20. Bd5
Rxd5 21. Qxd5 Qd6 22. Qc4 Qxd2 23. Rxe7 Qxf2+ 24. Kh1 Qf1+ 25. Qxf1 Rxf1+ 26.
Kg2 Rd1 27. Rxa7 Rd2+ 0-1

[Event "5. Abierto Ciudad de Dos Hermanas"]
[Site "Dos Hermanas ESP"]
[Date "2006.04.03"]
[Round "5"]
[White "Teran Alvarez, Ismael"]
[Black "Lalic, Bogdan"]
[Result "1/2-1/2"]
[WhiteElo "2446"]
[BlackElo "2488"]
[PlyCount "25"]
[EventDate "2006.03.30"]
[EventType "swiss"]
[EventRounds "9"]
[EventCountry "ESP"]
[Source "lmi"]
[SourceDate "2006.04.07"]

1. e4 c6 2. d4 d5 3. Nd2 dxe4 4. Nxe4 Bf5 5. Ng3 Bg6 6. h4 h6 7. Nf3 Nd7 8. h5
Bh7 9. Bd3 Bxd3 10. Qxd3 e6 11. Bf4 Qa5+ 12. Bd2 Bb4 13. c3 1/2-1/2

[Event "5. Abierto Ciudad de Dos Hermanas"]
[Site "Dos Hermanas ESP"]
[Date "2006.04.03"]
[Round "5"]
[White "Pogorelov, Ruslan"]
[Black "Corbalan Gomez, Juan Jose"]
[Result "1-0"]
[WhiteElo "2402"]
[BlackElo "2057"]
[PlyCount "81"]
[EventDate "2006.03.30"]
[EventType "swiss"]
[EventRounds "9"]
[EventCountry "ESP"]
[Source "lmi"]
[SourceDate "2006.04.07"]

1. Nf3 Nf6 2. c4 g6 3. Nc3 Bg7 4. e4 d6 5. d4 O-O 6. Be2 e5 7. O-O Nc6 8. d5
Ne7 9. Ne1 Nd7 10. Be3 f5 11. f3 f4 12. Bf2 g5 13. a4 Rf6 14. Nd3 Rh6 15. Be1
Qe8 16. Nf2 Nf6 17. b4 Qh5 18. h3 Qf7 19. Ng4 Rg6 20. Nb5 Ne8 21. c5 h5 22. Nf2
dxc5 23. bxc5 c6 24. d6 cxb5 25. axb5 Be6 26. d7 Rd8 27. dxe8=Q+ Qxe8 28. Qc2
Nc8 29. Bc3 Qe7 30. Bb2 Bf6 31. Bc4 Kh7 32. Bxe6 Qxe6 33. Rfd1 g4 34. fxg4 Rdg8
35. c6 bxc6 36. Ra6 Bh4 37. Rxc6 Qe8 38. Rd5 Bxf2+ 39. Qxf2 Rxc6 40. bxc6 Qxc6
41. Qh4 1-0

[Event "5. Abierto Ciudad de Dos Hermanas"]
[Site "Dos Hermanas ESP"]
[Date "2006.04.03"]
[Round "5"]
[White "Khamrakulov, Ibragim S"]
[Black "Caruana, Fabiano"]
[Result "0-1"]
[WhiteElo "2499"]
[BlackElo "2409"]
[PlyCount "92"]
[EventDate "2006.03.30"]
[EventType "swiss"]
[EventRounds "9"]
[EventCountry "ESP"]
[Source "lmi"]
[SourceDate "2006.04.07"]

1. e4 e6 2. d4 d5 3. Nd2 Be7 4. c3 c5 5. exd5 Qxd5 6. Ngf3 cxd4 7. Bc4 Qh5 8.
Nxd4 Qxd1+ 9. Kxd1 a6 10. Re1 Nf6 11. a4 b6 12. Be2 Bb7 13. Bf3 Bxf3+ 14. N2xf3
O-O 15. Kc2 Nbd7 16. Nc6 Bc5 17. Be3 Rfc8 18. Bxc5 Rxc6 19. Bd4 Nd5 20. g3 Rac8
21. Kb3 f6 22. Rad1 Kf7 23. Be3 Rc4 24. Bf4 Rxc3+ 25. bxc3 Rxc3+ 26. Kb2 Rxf3
27. Be3 Ne5 28. Rd4 Nxe3 29. fxe3 Rf2+ 30. Kc3 b5 31. h4 Rg2 32. h5 Rxg3 33.
Rd6 bxa4 34. Rxa6 f5 35. h6 gxh6 36. Rxa4 Kf6 37. Re2 Ng4 38. Kd2 h5 39. Ra7 h6
40. Ra8 h4 41. e4 f4 42. e5+ Nxe5 43. Rf8+ Nf7 44. Ke1 h3 45. Re4 e5 46. Kf2 h2
0-1

[Event "5. Abierto Ciudad de Dos Hermanas"]
[Site "Dos Hermanas ESP"]
[Date "2006.04.03"]
[Round "5"]
[White "Matamoros Franco, Carlos S"]
[Black "Lopez Rodriguez, Fernando"]
[Result "1-0"]
[WhiteElo "2510"]
[BlackElo "2153"]
[PlyCount "69"]
[EventDate "2006.03.30"]
[EventType "swiss"]
[EventRounds "9"]
[EventCountry "ESP"]
[Source "lmi"]
[SourceDate "2006.04.07"]

1. c4 Nf6 2. g3 g6 3. Bg2 Bg7 4. Nc3 O-O 5. d4 d6 6. Nf3 Nbd7 7. O-O e5 8. e4
c6 9. b3 Re8 10. h3 a6 11. d5 c5 12. a3 b5 13. Nd2 b4 14. axb4 cxb4 15. Na4 Nc5
16. Nxc5 dxc5 17. Bb2 Qd6 18. Ra5 Bh6 19. Qe2 Nh5 20. Nf3 Ng7 21. Bc1 Bxc1 22.
Rxc1 Ra7 23. Ne1 Rc7 24. Nd3 f5 25. Qe3 fxe4 26. Bxe4 Nf5 27. Bxf5 gxf5 28. Re1
Rce7 29. Qxc5 Qh6 30. d6 Bb7 31. h4 Rg7 32. Rxe5 Rf8 33. Re7 Qh5 34. Rxb7 Rxb7
35. Qd5+ 1-0

[Event "5. Abierto Ciudad de Dos Hermanas"]
[Site "Dos Hermanas ESP"]
[Date "2006.04.03"]
[Round "5"]
[White "Tissir, Mohamed"]
[Black "Vega Gutierrez, Belinda"]
[Result "1-0"]
[WhiteElo "2444"]
[BlackElo "2117"]
[PlyCount "71"]
[EventDate "2006.03.30"]
[EventType "swiss"]
[EventRounds "9"]
[EventCountry "ESP"]
[Source "lmi"]
[SourceDate "2006.04.07"]

1. e4 e5 2. Nf3 Nc6 3. Bc4 Be7 4. O-O Nf6 5. d3 O-O 6. Re1 d6 7. c3 Na5 8. Bb5
a6 9. Ba4 b5 10. Bc2 c5 11. Nbd2 Re8 12. Nf1 h6 13. h3 Bf8 14. d4 Qc7 15. Ng3
g6 16. d5 c4 17. Nh2 h5 18. Bg5 Bg7 19. Qd2 Nb7 20. Rf1 Nc5 21. Rae1 Bb7 22.
Bh6 Bh8 23. Nf3 Ncd7 24. Nh4 Nf8 25. f4 exf4 26. Qxf4 Re7 27. Ngf5 Rd7 28. Qg3
Kh7 29. Bf4 Ne8 30. Nf3 f6 31. e5 dxe5 32. Rxe5 Qb6+ 33. Kh1 Rad8 34. Ne7 fxe5
35. Ng5+ Kg7 36. Bxe5+ 1-0

[Event "5. Abierto Ciudad de Dos Hermanas"]
[Site "Dos Hermanas ESP"]
[Date "2006.04.03"]
[Round "5"]
[White "Perez Garcia, Roberto"]
[Black "Carlsson, Pontus"]
[Result "1/2-1/2"]
[WhiteElo "2180"]
[BlackElo "2430"]
[PlyCount "57"]
[EventDate "2006.03.30"]
[EventType "swiss"]
[EventRounds "9"]
[EventCountry "ESP"]
[Source "lmi"]
[SourceDate "2006.04.07"]

1. e4 c5 2. Nf3 d6 3. d4 Nf6 4. Nc3 cxd4 5. Nxd4 g6 6. Be3 Bg7 7. f3 O-O 8. Qd2
Nc6 9. Bc4 Bd7 10. O-O-O Rb8 11. Bb3 Na5 12. Bh6 Bxh6 13. Qxh6 b5 14. g4 b4 15.
Nd5 e6 16. Ne3 Kh8 17. Qg5 Nb7 18. h4 Ng8 19. Qxd8 Rbxd8 20. g5 h5 21. gxh6 Nf6
22. Ne2 Kh7 23. Ng3 Nh5 24. Nxh5 gxh5 25. Rhg1 Kxh6 26. f4 Bc6 27. f5 Nc5 28.
Rd4 Bxe4 29. fxe6 1/2-1/2

[Event "5. Abierto Ciudad de Dos Hermanas"]
[Site "Dos Hermanas ESP"]
[Date "2006.04.03"]
[Round "5"]
[White "Rincon Bascon, Jorge"]
[Black "Kononenko, Tatiana"]
[Result "0-1"]
[WhiteElo "2166"]
[BlackElo "2417"]
[PlyCount "74"]
[EventDate "2006.03.30"]
[EventType "swiss"]
[EventRounds "9"]
[EventCountry "ESP"]
[Source "lmi"]
[SourceDate "2006.04.07"]

1. e4 e6 2. d4 d5 3. e5 c5 4. c3 Nc6 5. Nf3 Qb6 6. a3 c4 7. Nbd2 Na5 8. Rb1 Bd7
9. Be2 Ne7 10. b4 cxb3 11. Nxb3 Ba4 12. Nxa5 Qxa5 13. Qxa4+ Qxa4 14. Bb5+ Qxb5
15. Rxb5 b6 16. Ke2 Nc6 17. a4 Na5 18. Bf4 Be7 19. Nd2 Kd7 20. Rc1 Rhc8 21. Kd3
Rc6 22. Be3 Rac8 23. f4 a6 24. Rbb1 h5 25. g3 Bd8 26. h3 Nc4 27. Rb3 Be7 28.
Ke2 Bd8 29. g4 hxg4 30. hxg4 Na5 31. Rbb1 Rxc3 32. Rh1 Ra3 33. Rh7 Rc2 34. Kd1
Rca2 35. Nf1 Nc4 36. Bc1 Rd3+ 37. Ke1 b5 0-1

[Event "5. Abierto Ciudad de Dos Hermanas"]
[Site "Dos Hermanas ESP"]
[Date "2006.04.03"]
[Round "5"]
[White "Epishin, Vladimir"]
[Black "Vila Gazquez, Javier"]
[Result "1-0"]
[WhiteElo "2553"]
[BlackElo "2317"]
[PlyCount "101"]
[EventDate "2006.03.30"]
[EventType "swiss"]
[EventRounds "9"]
[EventCountry "ESP"]
[Source "lmi"]
[SourceDate "2006.04.07"]

1. d4 Nf6 2. c4 e6 3. Nf3 Bb4+ 4. Bd2 Qe7 5. g3 Nc6 6. Nc3 Bxc3 7. Bxc3 Ne4 8.
Rc1 O-O 9. Bg2 d6 10. d5 Nxc3 11. Rxc3 Nd8 12. dxe6 Nxe6 13. O-O Bd7 14. Re1
Bc6 15. e4 a5 16. Rce3 Rfe8 17. b3 b6 18. h4 Rad8 19. Nd2 Bb7 20. Nb1 Nc5 21.
Nc3 Qf6 22. a3 Qe7 23. Nd5 Bxd5 24. cxd5 b5 25. Qd2 Ra8 26. e5 Qf8 27. e6 Re7
28. b4 axb4 29. axb4 Na4 30. exf7+ Rxf7 31. Bf1 Nb6 32. Bxb5 Nd7 33. Qe2 Nf6
34. Bc6 Rb8 35. b5 g6 36. Re7 Rxe7 37. Qxe7 Qf7 38. Qe6 Kg7 39. Re3 Ng8 40.
Qxf7+ Kxf7 41. Ra3 Ne7 42. Ra7 Rc8 43. Bd7 Rd8 44. Bc6 Rc8 45. f4 h5 46. Kf2
Kf6 47. Ke3 Nf5+ 48. Kd3 Ne7 49. Bd7 Rb8 50. Rxc7 Nf5 51. Be6 1-0

[Event "5. Abierto Ciudad de Dos Hermanas"]
[Site "Dos Hermanas ESP"]
[Date "2006.04.03"]
[Round "5"]
[White "Krivoshey, Sergei"]
[Black "Vega Gutierrez, Sabrina Neide"]
[Result "1-0"]
[WhiteElo "2553"]
[BlackElo "2180"]
[PlyCount "55"]
[EventDate "2006.03.30"]
[EventType "swiss"]
[EventRounds "9"]
[EventCountry "ESP"]
[Source "lmi"]
[SourceDate "2006.04.07"]

1. d4 d5 2. c4 e6 3. Nc3 c6 4. e4 dxe4 5. Nxe4 Bb4+ 6. Bd2 Qxd4 7. Bxb4 Qxe4+
8. Be2 Na6 9. Ba5 b6 10. Qd6 Bd7 11. Bc3 f6 12. Nf3 Nh6 13. O-O-O O-O-O 14.
Rhe1 Nc5 15. Bf1 Qg6 16. b4 Nf5 17. Qd2 Na4 18. Ba1 Qh6 19. g4 Be8 20. Qxh6
Rxd1+ 21. Rxd1 Nxh6 22. g5 Ng4 23. Rd2 fxg5 24. Nxg5 Rf8 25. Be2 Bh5 26. Nxe6
Rxf2 27. Nxg7 Rxh2 28. Bxg4+ 1-0

[Event "5. Abierto Ciudad de Dos Hermanas"]
[Site "Dos Hermanas ESP"]
[Date "2006.04.03"]
[Round "5"]
[White "Perez, Rodney"]
[Black "Morillo-Velarde Gallego, Antonio"]
[Result "1-0"]
[WhiteElo "2425"]
[BlackElo "2059"]
[PlyCount "87"]
[EventDate "2006.03.30"]
[EventType "swiss"]
[EventRounds "9"]
[EventCountry "ESP"]
[Source "lmi"]
[SourceDate "2006.04.07"]

1. c4 c5 2. g3 g6 3. Bg2 Bg7 4. Nf3 Nf6 5. O-O O-O 6. Nc3 Nc6 7. d4 cxd4 8.
Nxd4 a6 9. e3 Qc7 10. b3 d6 11. Bb2 Bg4 12. Qd2 Qd7 13. Rfe1 Bh3 14. Bh1 Rab8
15. Rad1 Rfc8 16. Nxc6 bxc6 17. e4 Ng4 18. c5 Qa7 19. Na4 Bxb2 20. Qxb2 dxc5
21. Rc1 Rb5 22. Bg2 Bxg2 23. Kxg2 Rd8 24. h3 Nf6 25. Qc3 Nd7 26. Red1 Rdb8 27.
Rc2 Qc7 28. Qe3 Ra5 29. Rcd2 Rd8 30. Qf4 Qb7 31. Qg5 f6 32. Qg4 f5 33. exf5 Kg7
34. Rxd7 Rxd7 35. Rxd7 Qb4 36. Rxe7+ Kf6 37. Re6+ Kg7 38. Qg5 Qd4 39. f6+ Kg8
40. Re8+ Kf7 41. Re7+ Kg8 42. Qh6 Qxf6 43. Re8+ Kf7 44. Qf8# 1-0

[Event "5. Abierto Ciudad de Dos Hermanas"]
[Site "Dos Hermanas ESP"]
[Date "2006.04.03"]
[Round "5"]
[White "Recuero Guerra, David"]
[Black "Spraggett, Kevin"]
[Result "0-1"]
[WhiteElo "2315"]
[BlackElo "2581"]
[PlyCount "106"]
[EventDate "2006.03.30"]
[EventType "swiss"]
[EventRounds "9"]
[EventCountry "ESP"]
[Source "lmi"]
[SourceDate "2006.04.07"]

1. e4 c5 2. Nf3 e6 3. d4 cxd4 4. Nxd4 Nf6 5. Nc3 d6 6. Be3 a6 7. Qd2 Be7 8. f3
Nc6 9. O-O-O O-O 10. g4 Nd7 11. h4 Nde5 12. Qf2 Bd7 13. g5 Qc7 14. Rg1 b5 15.
Kb1 Nxd4 16. Bxd4 b4 17. Ne2 a5 18. b3 Rfc8 19. Nf4 a4 20. Rg2 g6 21. Ba1 Bc6
22. Qd4 Qa7 23. Rf2 h6 24. Nh3 Qxd4 25. Bxd4 h5 26. f4 Ng4 27. Re2 e5 28. Bb2
Bf8 29. Ree1 Re8 30. f5 a3 31. Ba1 gxf5 32. exf5 d5 33. Bg2 Rad8 34. c4 bxc3
35. Bxc3 Bc5 36. Ba5 Ra8 37. Bd2 Bd4 38. Bc1 Reb8 39. Re2 Rb4 40. Rc2 Bb7 41.
Bd2 Rb5 42. g6 f6 43. Rc7 Bc8 44. Rf1 e4 45. Nf4 Be5 46. Re7 Bxf5 47. Nxh5
Rxb3+ 48. axb3 a2+ 49. Kc2 Rc8+ 50. Bc3 Ne3+ 51. Kd2 Nxf1+ 52. Bxf1 Bxc3+ 53.
Ke2 Bg4+ 0-1

[Event "5. Abierto Ciudad de Dos Hermanas"]
[Site "Dos Hermanas ESP"]
[Date "2006.04.03"]
[Round "5"]
[White "Korneev, Oleg"]
[Black "Burmakin, Vladimir"]
[Result "0-1"]
[WhiteElo "2649"]
[BlackElo "2519"]
[PlyCount "106"]
[EventDate "2006.03.30"]
[EventType "swiss"]
[EventRounds "9"]
[EventCountry "ESP"]
[Source "lmi"]
[SourceDate "2006.04.07"]

1. e4 c6 2. d4 d5 3. e5 Bf5 4. Be3 e6 5. Nd2 Nd7 6. Be2 f6 7. f4 Qb6 8. g4 Bg6
9. exf6 Ngxf6 10. Bd3 O-O-O 11. Nb3 Bxd3 12. cxd3 e5 13. g5 exf4 14. Bxf4 Bb4+
15. Kf2 Rhf8 16. gxf6 Rxf6 17. Kg3 Rdf8 18. Nh3 Rg6+ 19. Ng5 h6 20. Qh5 Rff6
21. h4 Bd6 22. Bxd6 Rxd6 23. Rae1 Qd8 24. Qg4 hxg5 25. h5 Rgf6 26. Re5 Rf7 27.
Rhe1 Qf6 28. R5e2 Kc7 29. Nc5 Nxc5 30. dxc5 Rdd7 31. Kh3 b6 32. Qg3+ Qf4 33.
cxb6+ axb6 34. Re5 g4+ 35. Kh4 Qxg3+ 36. Kxg3 Rf3+ 37. Kxg4 Rxd3 38. Kf4 Rd2
39. R1e2 Rxe2 40. Rxe2 Rf7+ 41. Kg5 d4 42. Kg6 Rd7 43. b3 c5 44. a4 d3 45. Rd2
b5 46. axb5 Kb6 47. Kf5 Kxb5 48. Ke6 Rd4 49. Kf7 Kb4 50. Kxg7 Kc3 51. Rd1 Kc2
52. Rh1 d2 53. h6 d1=Q 0-1

[Event "5. Abierto Ciudad de Dos Hermanas"]
[Site "Dos Hermanas ESP"]
[Date "2006.04.03"]
[Round "5"]
[White "Cheparinov, Ivan"]
[Black "Fernandez Romero, Ernesto"]
[Result "1/2-1/2"]
[WhiteElo "2625"]
[BlackElo "2460"]
[PlyCount "93"]
[EventDate "2006.03.30"]
[EventType "swiss"]
[EventRounds "9"]
[EventCountry "ESP"]
[Source "lmi"]
[SourceDate "2006.04.07"]

1. d4 d5 2. c4 c6 3. Nf3 Nf6 4. Nc3 a6 5. a4 e6 6. Bg5 Be7 7. e3 h6 8. Bh4 Nbd7
9. Bd3 O-O 10. a5 dxc4 11. Bxc4 c5 12. O-O b5 13. axb6 Nxb6 14. Bd3 cxd4 15.
Nxd4 Bb7 16. Qe2 a5 17. Rfd1 Nfd5 18. Bg3 Bd6 19. Qg4 Bxg3 20. Qxg3 Qe7 21.
Ncb5 Nb4 22. Bf1 Rfd8 23. Qe5 Nc6 24. Nxc6 Bxc6 25. Nd4 Bd5 26. e4 Nd7 27. Nf5
Qg5 28. Qxg7+ Qxg7 29. Nxg7 Bxe4 30. Nh5 Bd5 31. Bb5 Kf8 32. Nf4 Nf6 33. f3
Rdc8 34. Rdc1 Rxc1+ 35. Rxc1 Rb8 36. Rc5 Ke7 37. Bf1 Rxb2 38. Rxa5 Rb7 39. Ra8
Bc6 40. Rc8 Be8 41. Kf2 Bb5 42. Bxb5 Rxb5 43. Rh8 e5 44. Nd3 h5 45. Ke3 Ke6 46.
h3 Ra5 47. Rb8 1/2-1/2

[Event "5. Abierto Ciudad de Dos Hermanas"]
[Site "Dos Hermanas ESP"]
[Date "2006.04.03"]
[Round "5"]
[White "Handke, Florian"]
[Black "Zambrana, Oswaldo"]
[Result "1/2-1/2"]
[WhiteElo "2474"]
[BlackElo "2405"]
[PlyCount "153"]
[EventDate "2006.03.30"]
[EventType "swiss"]
[EventRounds "9"]
[EventCountry "ESP"]
[Source "lmi"]
[SourceDate "2006.04.07"]

1. e4 c5 2. Nf3 Nc6 3. Bb5 g6 4. O-O Bg7 5. Nc3 e5 6. Bc4 Nge7 7. a3 O-O 8. d3
d6 9. Bg5 h6 10. Bxe7 Nxe7 11. Nd5 Kh7 12. c3 f5 13. h3 b5 14. Nxe7 Qxe7 15.
Bd5 Rb8 16. b4 Bd7 17. Re1 Qf6 18. exf5 gxf5 19. bxc5 Rfc8 20. cxd6 Qxd6 21. c4
bxc4 22. dxc4 Qe7 23. Ra2 e4 24. Nd4 Rb6 25. Ne2 Rcb8 26. Rd2 Be8 27. Nd4 Bd7
28. Qh5 Rf8 29. a4 Rg6 30. Kh1 Qc5 31. Rxe4 Rg5 32. Qd1 fxe4 33. Bxe4+ Kh8 34.
Nf3 Be6 35. Nxg5 Qxg5 36. Bd5 Bd7 37. Re2 Qh5 38. f3 Qg5 39. a5 Bf5 40. Qe1 Bg6
41. a6 Rb8 42. Bb7 Rd8 43. Bd5 Rc8 44. Re6 Bf7 45. h4 Qf5 46. g4 Qf4 47. Qe3
Qxe3 48. Rxe3 Bxd5 49. cxd5 Rd8 50. Re7 Bd4 51. Re6 Kg7 52. Re7+ Kf8 53. Re6 h5
54. d6 hxg4 55. fxg4 Bc5 56. Kg2 Bxd6 57. g5 Bc5 58. Kf3 Rd4 59. Re4 Rd6 60.
Rc4 Bg1 61. Ra4 Kf7 62. Kg4 Kg6 63. h5+ Kg7 64. Ra5 Bb6 65. Re5 Bd8 66. Rb5
Rxa6 67. Rb7+ Kg8 68. Rb8 Ra4+ 69. Kf5 Rf4+ 70. Ke6 Rf8 71. h6 Kh7 72. Rb7+ Kg6
73. Rg7+ Kh5 74. h7 Rh8 75. Rg8 Rxh7 76. Rxd8 Kxg5 77. Ra8 1/2-1/2

[Event "5. Abierto Ciudad de Dos Hermanas"]
[Site "Dos Hermanas ESP"]
[Date "2006.04.03"]
[Round "5"]
[White "Prados Montaño, Antonio"]
[Black "Neelotpal, Das"]
[Result "0-1"]
[WhiteElo "2203"]
[BlackElo "2512"]
[PlyCount "126"]
[EventDate "2006.03.30"]
[EventType "swiss"]
[EventRounds "9"]
[EventCountry "ESP"]
[Source "lmi"]
[SourceDate "2006.04.07"]

1. e4 c5 2. Nc3 a6 3. g3 b5 4. Bg2 Bb7 5. d3 e6 6. f4 Nf6 7. Nf3 b4 8. Ne2 d6
9. h3 Be7 10. Be3 Nfd7 11. O-O O-O 12. g4 d5 13. e5 Nc6 14. Ng3 Kh8 15. Qe2 f6
16. Nh5 Qb6 17. Kh1 Rae8 18. Bd2 g6 19. exf6 Nxf6 20. Ng3 Bd6 21. Ne5 Nd4 22.
Qd1 Qc7 23. c3 bxc3 24. bxc3 Nc6 25. d4 a5 26. Be3 Ne7 27. Rb1 c4 28. Qc2 Bc8
29. Rbe1 Nc6 30. Bc1 Bd7 31. g5 Ng8 32. h4 Nce7 33. h5 gxh5 34. Nxh5 Nf5 35.
Rf3 Re7 36. Rh3 Be8 37. Qe2 Bxh5 38. Qxh5 Bxe5 39. Rxe5 Qd6 40. Qg4 Rb8 41. Kh2
Rb1 42. Be3 Rb2 43. g6 Nf6 44. Qg5 Ne4 45. Rxe4 dxe4 46. Qf6+ Kg8 47. gxh7+
Rxh7 48. Qg6+ Rg7 49. Qe8+ Qf8 50. Qxe6+ Rf7 51. Rh5 Nxe3 52. Rg5+ Kh8 53. Qe5+
Rg7 54. Rh5+ Kg8 55. Qe6+ Qf7 56. Qc8+ Qf8 57. Qe6+ Rf7 58. Rg5+ Kh8 59. Qe5+
Rf6 60. Rh5+ Kg8 61. Rg5+ Kh7 62. Rh5+ Rh6 63. Qxe4+ Nf5 0-1